[Event "IECG QC.2005.0.00069 email"]
[Site "IECG email"]
[Date "2005.10.05"]
[Round "?"]
[White "Hafez, Rami"]
[Black "Plochan, Frank"]
[Result "0-1"]
[WhiteElo "1700"]
[BlackElo "1791"]
[PlyCount "22"]
[EventDate "2005.10.05"]
[EventType "tourn (corr)"]
[EventRounds "2"]
[SourceTitle "Corr 2024"]
[Source "ChessBase"]
[SourceDate "2023.10.19"]
[SourceVersion "1"]
[SourceVersionDate "2023.10.19"]
[SourceQuality "1"]

1. e4 e6 2. d4 d5 3. exd5 exd5 4. Nc3 Bb4 5. Bd2 Nc6 6. a3 Ba5 7. h3 Nxd4 8. Nce2 Bxd2+ 9. Qxd2 Ne6 10. 0-0-0 Nf6 11. Nf3 0-0 0-1

[Event "IECG QC.2005.0.00069 email"]
[Site "IECG email"]
[Date "2005.10.05"]
[Round "?"]
[White "Muller, Henry"]
[Black "Plochan, Frank"]
[Result "1/2-1/2"]
[WhiteElo "1700"]
[BlackElo "1791"]
[PlyCount "68"]
[EventDate "2005.10.05"]
[EventType "tourn (corr)"]
[EventRounds "2"]
[SourceTitle "Corr 2008"]
[Source "ChessBase"]
[SourceDate "2008.06.24"]
[SourceVersion "1"]
[SourceVersionDate "2008.06.24"]
[SourceQuality "1"]

1. e4 e6 2. d4 d5 3. Nc3 Bb4 4. e5 c5 5. a3 Bxc3+ 6. bxc3 Ne7 7. Qg4 Qc7 8. Qxg7 Rg8 9. Qxh7 cxd4 10. Ne2 Nbc6 11. f4 Bd7 12. Qd3 dxc3 13. Nxc3 a6 14. Rb1 Na5 15. h4 Nf5 16. Rh3 0-0-0 17. h5 Nc4 18. Rb4 b5 19. h6 Rg6 20. h7 Rh8 21. a4 Qc5 22. Rb1 Rg7 23. axb5 axb5 24. Nd1 Bc6 25. c3 Qg1 26. Qf3 Rhxh7 27. Rxh7 Rxh7 28. Qf2 Qh1 29. Ra1 d4 30. cxd4 Rh2 31. d5 Nh4 32. Ra8+ Bxa8 33. Qc5+ Kb8 34. Qxb5+ Bb7 1/2-1/2

[Event "IECG QC.2005.0.00069 email"]
[Site "IECG email"]
[Date "2005.10.05"]
[Round "?"]
[White "Plochan, Frank"]
[Black "Muller, Henri Louis"]
[Result "1/2-1/2"]
[WhiteElo "1791"]
[BlackElo "1700"]
[PlyCount "124"]
[EventDate "2005.10.05"]
[EventType "tourn (corr)"]
[EventRounds "2"]
[SourceTitle "Corr 2024"]
[Source "ChessBase"]
[SourceDate "2023.10.19"]
[SourceVersion "1"]
[SourceVersionDate "2023.10.19"]
[SourceQuality "1"]

1. d4 Nf6 2. c4 e6 3. Nf3 c5 4. d5 exd5 5. cxd5 d6 6. Nc3 g6 7. e4 Bg7 8. h3 0-0 9. Bd3 a6 10. a4 Nbd7 11. 0-0 Re8 12. Bf4 Qc7 13. Re1 Rb8 14. Rc1 Nh5 15. Bh2 Bh6 16. Rc2 Nf4 17. b4 b6 18. b5 Nxd3 19. Qxd3 Ra8 20. Nd2 Bg7 21. Nc4 Ne5 22. Bxe5 Bxe5 23. Rb2 Bd4 24. a5 bxa5 25. b6 Qe7 26. Nxa5 Bb7 27. Nc6 Qf6 28. Nxd4 Qxd4 29. Qg3 Rad8 30. Re3 Rd7 31. Rb1 Qf6 32. Kh2 Kg7 33. f4 Rde7 34. Rbe1 Qd4 35. e5 c4 36. Re4 Qxb6 37. Rxc4 Qd8 38. Rd4 Bc8 39. Rde4 Bf5 40. R4e3 h5 41. Qh4 Rb7 42. Qf6+ Kg8 43. Qxd8 Rxd8 44. Ra1 Rb6 45. Kg3 Re8 46. Kh4 Kg7 47. e6 Rh8 48. e7 Re8 49. g4 hxg4 50. hxg4 Bd7 51. Kg3 f5 52. g5 Bc8 53. Rh1 Rb7 54. Kf2 Rbxe7 55. Reh3 Rg8 56. Rh7+ Kf8 57. Rxe7 Kxe7 58. Rh7+ Kd8 59. Ra7 Bd7 60. Rxa6 Ke7 61. Ra7 Rb8 62. Nd1 Rb4 1/2-1/2

[Event "CFriend CP-2005-P-00034"]
[Site "Chessfriend.com"]
[Date "2005.10.01"]
[Round "1"]
[White "Plochan, Frank"]
[Black "Larsen, Carsten Moller"]
[Result "1/2-1/2"]
[WhiteElo "1791"]
[BlackElo "1900"]
[PlyCount "78"]
[EventDate "2005.??.??"]
[EventType "tourn (corr)"]
[EventRounds "4"]
[SourceTitle "Corr 2008"]
[Source "ChessBase"]
[SourceDate "2008.06.24"]
[SourceVersion "1"]
[SourceVersionDate "2008.06.24"]
[SourceQuality "1"]

1. d4 f5 2. c4 Nf6 3. g3 g6 4. Bg2 d6 5. Nc3 Bg7 6. Nf3 0-0 7. 0-0 Nc6 8. d5 Ne5 9. Nxe5 dxe5 10. c5 Kh8 11. Qb3 h6 12. Rd1 g5 13. Bd2 e4 14. f3 exf3 15. exf3 e6 16. dxe6 Qd4+ 17. Kh1 Qxc5 18. Re1 Re8 19. Rad1 c6 20. Re2 b6 21. Re3 Ba6 22. Bf1 Bxf1 23. Rxf1 Re7 24. Rd3 Rae8 25. Re1 f4 26. g4 h5 27. Kg2 hxg4 28. fxg4 a5 29. Ne4 Nxe4 30. Rxe4 a4 31. Qxa4 Rxe6 32. Qb3 Qe7 33. Rxe6 Qxe6 34. Qxe6 Rxe6 35. h4 gxh4 36. Bxf4 Bxb2 37. Kh3 Kg7 38. Kxh4 Kg6 39. a4 Bf6+ 1/2-1/2

[Event "IECG CC.2005.0.00122 email"]
[Site "IECG email"]
[Date "2005.09.21"]
[Round "?"]
[White "Plochan, Frank"]
[Black "Kraft, Peter"]
[Result "1-0"]
[WhiteElo "1791"]
[BlackElo "1725"]
[PlyCount "107"]
[EventDate "2005.09.21"]
[EventType "tourn (corr)"]
[EventRounds "6"]
[SourceTitle "Corr 2008"]
[Source "ChessBase"]
[SourceDate "2008.06.24"]
[SourceVersion "1"]
[SourceVersionDate "2008.06.24"]
[SourceQuality "1"]

1. d4 d5 2. c4 c6 3. Nc3 e6 4. e4 dxe4 5. Nxe4 Bb4+ 6. Bd2 Qxd4 7. Bxb4 Qxe4+ 8. Be2 Na6 9. Ba5 Bd7 10. Nf3 Nf6 11. Qd6 Qf5 12. Ne5 Qxf2+ 13. Kxf2 Ne4+ 14. Kf3 Nxd6 15. Rhd1 Ke7 16. Rxd6 Kxd6 17. Nxf7+ Ke7 18. Nxh8 Rxh8 19. Bc3 Rg8 20. b4 c5 21. b5 Nc7 22. Be5 Ne8 23. Rd1 a6 24. a4 axb5 25. axb5 b6 26. Bd3 Rf8+ 27. Ke2 g6 28. Be4 Rf7 29. g4 Kd8 30. Ra1 Nf6 31. Ra8+ Ke7 32. Bf3 Be8 33. Ra7+ Nd7 34. Bc6 h6 35. h3 g5 36. Bc7 Kf6 37. Bd8+ Kg7 38. Bxd7 Rxd7 39. Bxb6 Rxa7 40. Bxa7 Kf7 41. Bxc5 e5 42. Kd3 Ke6 43. Ba7 Bg6+ 44. Ke3 Be8 45. Bb8 h5 46. gxh5 Bxh5 47. b6 Kd7 48. Bxe5 Kc6 49. c5 Bf7 50. Kf2 Be6 51. Kg3 Bc8 52. Bd6 Bb7 53. Be7 Bc8 54. Bxg5 1-0

[Event "IECG CC.2005.0.00122 email"]
[Site "IECG email"]
[Date "2005.09.21"]
[Round "?"]
[White "Plochan, Frank"]
[Black "Verma, Amod"]
[Result "1-0"]
[WhiteElo "1791"]
[BlackElo "1700"]
[PlyCount "31"]
[EventDate "2005.09.21"]
[EventType "tourn (corr)"]
[EventRounds "6"]
[SourceTitle "Corr 2008"]
[Source "ChessBase"]
[SourceDate "2008.06.24"]
[SourceVersion "1"]
[SourceVersionDate "2008.06.24"]
[SourceQuality "1"]

1. d4 Nf6 2. c4 e6 3. Nf3 d5 4. Nc3 Bb4 5. cxd5 exd5 6. Bg5 Be7 7. e3 Bf5 8. Bxf6 Bxf6 9. Qb3 b6 10. Qxd5 Qxd5 11. Nxd5 Bd8 12. Rc1 c6 13. Nb4 Bd7 14. Ne5 0-0 15. Nxd7 Nxd7 16. Nxc6 1-0

[Event "CFriend RI-2005-0-00040 email"]
[Site "Chessfriend.com"]
[Date "2005.09.06"]
[Round "1"]
[White "Plochan, Frank"]
[Black "Engelhard, Christof"]
[Result "1/2-1/2"]
[WhiteElo "1791"]
[BlackElo "1928"]
[PlyCount "63"]
[EventDate "2005.09.06"]
[EventType "tourn (corr)"]
[EventRounds "6"]
[SourceTitle "Corr 2008"]
[Source "ChessBase"]
[SourceDate "2008.06.24"]
[SourceVersion "1"]
[SourceVersionDate "2008.06.24"]
[SourceQuality "1"]

1. d4 d5 2. c4 e6 3. Nc3 Nf6 4. Bg5 Be7 5. e3 0-0 6. Nf3 h6 7. Bh4 b6 8. Be2 dxc4 9. Bxc4 Bb7 10. 0-0 Nbd7 11. Qe2 a6 12. Rfd1 b5 13. Bb3 c5 14. dxc5 Qc7 15. c6 Qxc6 16. Rac1 Nc5 17. Bc2 Rfd8 18. a3 Rac8 19. Rxd8+ Bxd8 20. Bg3 Be7 21. b4 Nfe4 22. Be5 Ng5 23. bxc5 Qxc5 24. Nxg5 Qxe5 25. f4 Qf6 26. Bh7+ Kf8 27. Be4 hxg5 28. fxg5 Qe5 29. Bxb7 Rxc3 30. Rxc3 Qxc3 31. Bxa6 Bxg5 32. Kf2 1/2-1/2